000 02008cam a22005654i 4500
003 PE-LiUPU
005 20250731180110.0
008 150623s r 000 0 d
020 _a9701017307
035 _a(Sirsi) i9789701017302
040 _aPE-LiUPU
_bspa
_cPE-LiUPU
_erda
049 _aPRUA
082 0 4 _a574
_bV671998
_221
100 1 _aVillee, Claude A.,
_eautor.
245 1 0 _aBiología de Villee /
_cClaude A. Villee.
250 _a4a
264 1 _aMéxico :
_bMcGraw Hill Interamericana Editores,
_c1998.
300 _a1305 páginas :
_bilustraciones fotos, diagrámas ;
_c29 centímetros
336 _atext
_2rdacontent
337 _aunmediated
_2rdamedia
338 _avolume
_2rdacarrier
505 0 _aOrganizacion de la vida. -Transferencia de energía en los sostemas vivos. -Continuidad de la vida:genética. -Continuidad de la vida: evolución. -Diversidad de la vida. -Estructura y procesos vitales de las plantas. -Estructura y procesos vitales de los animales. -Interacción de la vida: ecología.
526 _aSEG44
526 _aSEG26
526 _aP159
526 _aP155
526 _aP154
526 _aP153
526 _aP150
526 _aP100
526 _aP31
526 _aP30
526 _aP26
526 _aP25
526 _aP24
526 _aP22
526 _aP15
526 _aP10
650 0 4 _aBiología.
700 1 _aBerg, Diana,
_eautor.
700 1 _aLinda R.,
_eautor.
700 1 _aMartin, W.,
_eautor.
700 1 _aPearl Solomon, Eldra,
_eautor.
942 _2ddc
_cBOOK
949 _a574 V67 1998
_wDEWEY
_c1
_i46301
_d2017-1-3
_e2017-1-2
_lCCODEBUL1
_mBUL
_n10
_r0
_sY
_tBOOK
_u2015-6-24
_xSALUD
_zUNKNOWN
_0COMPRA
_o.STAFF. Colección General
994 _aC0
_bPEPRU
596 _a1
999 _a574 V67 1998
_wDEWEY
_c23072
_i46301
_d23072
_e2022-6-10
_f2021-11-5
_g5
_lCCODEBUL1
_mBUL
_n23
_q24
_r0
_sY
_tBOOK
_u2015-6-24
_xBIBLIOTECA
_zUNKNOWN
_0COMPRA
_o.STAFF. Colección General
980 _81
_gALBERTO SANCHEZ Responsable de Automatización